01305nam a22001457a 4500999001700000020001800017100001000035245003800045260003100083300001000114440003000124520083300154942001200987952016000999 c26570d26570 a9789352903269 aSethu aJalasamadhib: And Other Stories  aDelhi bRatna Books c2019 a211p. aRatna Translation Series  aSethu’s novels and short stories have always straddled the worlds of the commonplace and the magical, keeping a fine balance. Long before magical realism became a buzzword, Sethu’s stories took us to the supernatural in the most mundane situations. The stories in this collection unfold the worlds that are familiar, yet give us glimpses of strange shadows and lights just beyond our sight. Along with characters who drift between fantasy and the here and now, we have a common man like Munuswami, the protagonist of Jalasamadhi, who realizes that it is a bigger sin to induce someone to commit a crime than to commit a crime oneself. The characters who people Sethu’s world take on layers of myth and legend, imagination and poetry but have one thing in common – they are with us long after we have kept the book aside. 2ddccBK 00104070aNASSDOCbNASSDOCd2021-02-18eOverseas Press India Private Limitedg291.27l0o361.1 SET- Jp51295r2021-02-19 00:00:00v399.00w2021-02-19yBK